| 000 | 006070000a22001810004500 | ||
|---|---|---|---|
| 003 | MACL | ||
| 005 | 20160513124258.0 | ||
| 008 | 160513b xxu||||| |||| 00| 0 eng d | ||
| 040 |
_aMACL _cMACL |
||
| 041 | _aHindi | ||
| 082 | _a891.431 PUR | ||
| 100 |
_aपुरोहित, नलिनी _956679 |
||
| 245 |
_aसौंधाी महक _bकाव्य संग्रह _cनलिनी पुरोहित |
||
| 260 |
_bराहुल प्रकाशन _c2009 _aअहमदाबाद |
||
| 350 | _a150 | ||
| 650 |
_aकविता _9226 |
||
| 942 |
_cHIN _k891.431/PUR/P _2ddc |
||
| 999 |
_c45136 _d45136 |
||